| 000 | 01067 a2200217 4500 | ||
|---|---|---|---|
| 003 | NUST | ||
| 005 | 20221122133613.0 | ||
| 020 | _a0-7167-4742-1 : | ||
| 035 | _a(Uk)0716747421 | ||
| 040 | _cNust | ||
| 082 | 0 | 4 | _a519.2,EVA |
| 100 | 1 |
_aEvans, Michael John _9103359 |
|
| 245 | 1 | 0 |
_aProbability and statistics : _bthe science of uncertainty / _cMichael J. Evans and Jeffrey S. Rosenthal |
| 260 |
_aNew York : _bW. H. Freeman, _c2004 |
||
| 300 |
_axiii, 685 s. : _bdiagr., tab. ; _c24cm. |
||
| 505 | _aProbability Models (Page-01), Random Variables and Distributions (Page-33), Expectation (Page-123), Sampling and Distribution and Limits (Page-189), Statistical Inference (Page-239), Likelihood Inference (Page-281), Bayesian Inference (Page-351), Optimal Inference (Page-405), Model Checking (Page-449), Relationships Among Variables (Page-479),Advanced Topic-Stochastic Processes (Page-579), Appendices (Page-639). | ||
| 650 | 0 |
_aMathematical statistics _961 |
|
| 650 | 0 | _aProbabilities | |
| 700 | 1 |
_aRosenthal, Jeffrey Seth _9103360 |
|
| 942 |
_2ddc _cBK _k519.2,EVA |
||
| 999 |
_c219420 _d219420 |
||